000
00314nam a2200133Ia 4500
005
20251222144704.0
008
251222s9999||||xx |||||||||||||| ||spa||
020
_a
958-600-492-9
082
_a
658.406/M86R
100
_a
Morris, Daniel
245
0
_a
Management Siglo XXI:
264
_b
McGraw-Hill
942
_c
LIB
999
_c
17566
_d
17566